Mastering 1-2-3 / (Record no. 541685)
[ view plain ]
| 000 -LEADER | |
|---|---|
| fixed length control field | 00696cam a2200193 a 4500 |
| 020 ## - INTERNATIONAL STANDARD BOOK NUMBER | |
| International Standard Book Number | 0895883376 (pbk.) : |
| 082 00 - DEWEY DECIMAL CLASSIFICATION NUMBER | |
| Classification number | 005.133L |
| Author Mark | JOR |
| -- | MCE-L-02,P-115 |
| 100 1# - MAIN ENTRY--PERSONAL NAME | |
| Personal name | Jorgensen, Carolyn. |
| 9 (RLIN) | 36677 |
| 245 10 - TITLE STATEMENT | |
| Title | Mastering 1-2-3 / |
| Statement of responsibility, etc. | Carolyn Jorgensen. |
| 260 ## - PUBLICATION, DISTRIBUTION, ETC. | |
| Place of publication, distribution, etc. | Delhi : |
| Name of publisher, distributor, etc. | PBP, |
| Date of publication, distribution, etc. | c1986. |
| 300 ## - PHYSICAL DESCRIPTION | |
| Extent | xxiii, 466 p. : |
| Other physical details | ill. (some col.) ; |
| Dimensions | 23 cm. |
| 500 ## - GENERAL NOTE | |
| General note | Includes index. |
| 500 ## - GENERAL NOTE | |
| General note | On t.p. the registered trademark symbol "TM" is superscript following "3" in the title. |
| 500 ## - GENERAL NOTE | |
| General note | One folded col. chart inserted. |
| 526 ## - STUDY PROGRAM INFORMATION NOTE | |
| Program name | 0 |
| Interest level | 0 |
| Reading level | 0 |
| Title point value | 005_000000000000000_133L_JOR |
| 650 #0 - SUBJECT ADDED ENTRY--TOPICAL TERM | |
| Topical term or geographic name entry element | Business |
| General subdivision | Computer programs. |
| 9 (RLIN) | 19731 |
| 650 #0 - SUBJECT ADDED ENTRY--TOPICAL TERM | |
| Topical term or geographic name entry element | Electronic spreadsheets. |
| 9 (RLIN) | 20686 |
| 942 ## - ADDED ENTRY ELEMENTS (KOHA) | |
| Source of classification or shelving scheme | |
| Koha item type | Book |
| Withdrawn status | Lost status | Source of classification or shelving scheme | Damaged status | Not for loan | Permanent Location | Current Location | Date acquired | Total Checkouts | Full call number | Barcode | Date last seen | Price effective from | Koha item type |
|---|---|---|---|---|---|---|---|---|---|---|---|---|---|
| Military College of Engineering (MCE) | Military College of Engineering (MCE) | 08/22/2013 | 005.133L JOR | MCE-24991 | 08/22/2013 | 08/22/2013 | Book |
